Το παιδί στα μυθιστορήματα Τρελαντώνης της Πηνελόπης Δέλτα και Ο αδελφός της Ασπασίας του Μάνου Κοντολέοντα : διπλωματική εργασία [πτυχιακή εργασία]

Αποθηκεύτηκε σε:
Λεπτομέρειες βιβλιογραφικής εγγραφής
Κύριος συγγραφέας: Αλεξάκη, Αργυρή
Συγγραφή απο Οργανισμό/Αρχή: Πανεπιστήμιο Αιγαίου Σχολή Ανθρωπιστικών Επιστημών Τμήμα Επιστημών της Προσχολικής Αγωγής και του Εκπαιδευτικού Σχεδιασμού
Μορφή: Thesis Βιβλίο
Γλώσσα:Greek
Δημοσίευση: 2015.
Θέματα:
Διαθέσιμο Online:http://hdl.handle.net/11610/7476
Ετικέτες: Προσθήκη ετικέτας
Δεν υπάρχουν, Καταχωρήστε ετικέτα πρώτοι!

MARC

LEADER 00000cam a2200000 a 4500
001 1/107646
008 150723s2015####gr | ||| |||| ||gre||
040 |a GR-MyUa  |b gre  |c GR-MyUa  |e AACR2 
041 0 |a gre 
082 7 |a 808.068   |2 (23) 
100 1 |a Αλεξάκη, Αργυρή. 
245 1 3 |a Το παιδί στα μυθιστορήματα Τρελαντώνης της Πηνελόπης Δέλτα και Ο αδελφός της Ασπασίας του Μάνου Κοντολέοντα :   |b διπλωματική εργασία [πτυχιακή εργασία] /   |c Αλεξάκη Αργυρή ; επιβλέπων καθηγητής Παπαδάτος Ιωάννης.  
260 |c 2015.  
300 |a 88 σ. ;   |c 30 εκ.  
502 # # |a Πτυχιακή εργασία – Πανεπιστήμιο Αιγαίου, Ρόδος, 2015. 
504 |a Βιβλιογραφία: σ. 86-88.  
506 1 |a Πλήρες κείμενο - ενδοπανεπιστημιακή δημοσίευση - κλειδωμένη η δυνατότητα αντιγραφής.  
600 1 0 |a Δέλτα, Πηνελόπη Σ.,   |d 1874-1941. 
600 1 0 |a Κοντολέων, Μάνος,   |d 1946- 
650 0 |a Children's literature, Greek (Modern)  |x History and criticism. 
650 0 |a Children in literature. 
700 1 |a Παπαδάτος, Γιάννης Σ.  |e dgs 
710 2 |a Πανεπιστήμιο Αιγαίου  |b Σχολή Ανθρωπιστικών Επιστημών  |b Τμήμα Επιστημών της Προσχολικής Αγωγής και του Εκπαιδευτικού Σχεδιασμού. 
852 |a INST  |b RHODES  |c DIATR  |e 20150723  |h 808.068 ΑΛΕ  |p 005400037912  |q 005400037912  |t DIE  |y 23 
856 |u http://hdl.handle.net/11610/7476 
924 |a Αλεξάκη   |b Αργυρή   |y Ρόδος  |z 2015-07  
970 |z 23-07-2015